000 00456nam a2200181Ia 4500
005 20260429111919.0
008 260429s9999||||xx |||||||||||||| ||und||
020 _a9789391502089
041 _aEnglish
082 _a510
_bHAR
100 _aHarris, Ethan
245 0 _aTechnical mathematics /
_cEthan Harris
260 _aPune :
_bKnowledge Bakers,
_c2025.
300 _a250 p.; hb
650 _aMathematics
700 _a Scott, Sophia
942 _cTB
999 _c51401
_d51401